000 02516nam a22002537a 4500
999 _c22117
_d22117
003 AR-CdUCM
008 190429b ||||| |||| 00| 0 spa d
040 _aMUNICIPALIDAD PROVINCIAL DEL CUSCO
_cBIBLIOTECA MUNICIPAL DEL CUSCO
082 _aDonJaque/N°4/1969
245 _aRevista Don Jaque :
_brevista del sur oriente y del centro del Perú /
_cJorge Cevallos Gonzales, Director propietario
260 _aCuzco :
_bDon Jaque,
_c1969.
300 _a42 páginas. :
_bilustraciones ;
_c28 cm.
440 _aRevista Don Jaque.
_nAño 1, N°4,1969
_947475
505 _aContenido: Caricatura de Humberto Pacheco en su etapa de oro en el campo literario como director de Alma Quechua. -- Iniciativas parlamentarias destruyó honradez dirigentes. -- El educador y la reforma agraria del Perú. Isaías Osorio. -- Cuatro poetas jóvenes cuzqueños. Enrique Rozas. -- Defender nuestro ferrocarril es deber de todo cusqueño, ferrocarril del Cuzco a Santa Ana. -- Humberto Pacheco y Alma Quechua. -- Hablemos un poco sobre par Psicología. -- La calavera de Asis. -- La problemática situación vial de Madre de Dios. -- Las autoridades instituciones i la ciudadanía de Quillabamba demandan. -- Campaña cusqueñista de Don Jaque levantemos un monumento al doctor Luis Velazco Aragón. -- En los últimos tres años el pueblo canta y baila en la semana del Cusco. -- Estas son las obras realizadas durante tres años por el Concejo Provincial del Cusco elegido por el pueblo en limpios comicios electorales de diciembre de 1966. -- Solicitada homenaje póstumo pronunciado por la Sra. Maruja Loaiza de Terrazas en el sepelio del señor Rafael Gárate Gamarra. -- Cesar Antonio Guerra Pardo. -- Más escándalo en el fraude millorario. -- Al apóstol de la pluma. -- Santiaguito. Julio César Cevallos Gonzáles. -- Algo sobre el nuevo código del trabajo. -- Carta abierta al señor ex presidente Don Fernando Belaúnde Terry por su insólita declaración enviada desde Miami a la Nación con ocasión del 148 aniversario Patrio. -- La página del siglo XX, ¿Y que sucede en la CRIF General Valdez?. -- Deportes capitulo II de la historia del futbol cusqueño. los primeros cuatro rivales.
650 _aHistoria del Cusco
_91714
650 _aReforma agraria
_91861
650 _aLiteratura cusqueña
_947467
650 _aPoesía cusqueña
_92323
650 _aSiglo XX
_947468
700 _aCevallos Gonzáles, Julio César
_910172
700 _aRozas Paravicino, Enrique
_93146
942 _2ddc
_cPP
945 _arac